Normal view MARC view
  • Novela hispanoamericana

Entry Materia

Number of records used in: 1

001 - NÚMERO DE CONTROL DEL REGISTRO

  • campo de control: 50988

003 - IDENTIFICADOR DE NUMERO DE CONTROL

  • campo de control: MX-MxUPN

005 - FECHA Y HORA DE LA ÚLTIMA TRANSACCIÓN

  • campo de control: 20240209143339.0

008 - DATOS DE LONGITUD FIJA

  • campo de control de longitud fija: 240209|| acn||babn | a|a d

040 ## - FUENTE DE LA CATALOGACIÓN

  • Centro catalogador de origen: MX-MxUPN
  • Lengua de catalogación: spa

150 ## - ENCABEZAMIENTO - TEMÁTICO

  • Término de materia o nombre geográfico como elemento inicial: Novela hispanoamericana
  • Subdivisión cronológica: Siglo XIX
  • Subdivisión de materia general: Historia y crítica

670 ## - FUENTE EN LA QUE SE LOCALIZARON DATOS

  • Cita de la fuente: Autoridades BGTQ, 9 febrero 2024:
  • Información localizada: (Novela hispanoamericana--Subdivisión cronológica) (subdivisión general: Historia y crítica)

902 ## - CATALOGADOR

  • Catalogador: Víctor Ruiz/090224